000 01075nam a22002537a 4500
003 OSt
005 20250911163255.0
008 240221b ||||| |||| 00| 0 eng d
040 _c0
082 _aDPer 621.317 Ie21 May 2022 v. 37 n. 5
100 _aZhou, Yongxing.
_eauthor.
_952856
245 _aA new integrated active EMI filter topology with both CM noise and DM noise attenuation /
_cYongxing Zhou, Wenjie Chen, Xu Yang, Ru Zhang, Ruitao Yan, Jinlu Liu, and Haoyu Wang.
260 _aNew York ;
_bThe Institute of Electrical and Electronics Engineers, Inc. ,
_cMay 2022.
300 _aVolume 37, pages 5466-5478 :
_billustration ;
_c28 cm.
500 _aIEEE Transactions on Power Electronics, vol. 37, no. 5, pages 5466-5478, May 2022.
700 _aZhou, Yongxing.
_eauthor.
_952856
700 _aChen, Wenjie.
_eauthor.
_952857
700 _aYang, Xu.
_eauthor.
_952858
700 _aZhang, Ru.
_eauthor.
_952859
700 _aYan, Ruitao.
_eauthor.
_952860
700 _aLiu, Jinlu.
_eauthor.
_952861
700 _aWang, Haoyu.
_eauthor.
_952862
942 _2ddc
_cPER
999 _c19248
_d19248